| 000 | 00367pam a2200145a 44500 | ||
|---|---|---|---|
| 008 | 230405s xxu||||| |||| 00| 0 eng d | ||
| 041 | _aENG | ||
| 100 | _aMORRISON BOYD. | ||
| 245 | _aORGANIC CHEMISTRY [BRUICE P.] | ||
| 250 | _a6 2003 | ||
| 260 |
_aASIA _bPEARSON EDUCATION PUBLICATION ASIA _c |
||
| 300 | _a1325 | ||
| 650 | _aPHARMACEUTICAL CHEMISTRY | ||
| 906 | _a929 | ||
| 999 |
_c266368 _d266368 |
||